| 000 | 00876cam a2200181 4500 | ||
|---|---|---|---|
| 001 | X121292 | ||
| 008 | 030207n2003 000 0 eng u | ||
| 035 | _a(Sirsi) u121292 | ||
| 100 | _aAshkenazi, V. | ||
| 245 | _aSatellite navigation: why Galileo? | ||
| 260 | _c2003 | ||
| 490 |
_aCivil Engineering Surveyor _v February 2003, 22-26 (5) |
||
| 520 | _aPresents an overview of the use of the Galileo global positioning system, including its history, augmentation, development, deployment and its future. Concludes the system will have a wideranging effect on engineering surveying and the introduction of a whole range of new applications and techniques which will expand its use into difficult environments such as city canyons and even indoors. | ||
| 650 | _aGALILEO DIGITAL STEREOCARTOGRAPH | ||
| 650 | _aSATELLITE NAVIGATION | ||
| 690 | _aGEOMATICS-GPS | ||
| 942 | _n0 | ||
| 999 |
_c72082 _d72082 |
||